000 01264nam a22003255a 4500
006 a||||fr|||| 00| 0
008 090226t2006 uk a|||fr|||| 001 0 eng d
010 _a 2005007417
020 _a00712508420
020 _a9780071250849
040 _aEG-ScBUE
_beng
_cEG-ScBUE
082 0 4 _a621.4021
_bCEN
_222
100 1 _aCengel, Yunus A.
245 1 0 _aThermodynamics :
_ban engineering approach /
_cYunus A. Cengel, Michael A. Boles.
250 _a5th ed.
_bsi units
260 _aNew York :
_bMcGraw-Hill Higher Education,
_cc. 2006.
300 _axxxii, 946 p. :
_bill. ;
_c26 cm.
_e+ 1 CD-ROM (4 3/4 in.)
490 0 _aMcGraw-Hill series in mechanical engineering
500 _aIndex : p. 933-946.
504 _aIncludes bibliographical references.
590 _aMENNA elemam
650 0 _aThermodynamics.
_2BUEsh
651 _2BUEsh
653 _bENGGEN
_cAugust2015
655 _aThermo-Fluid Mechanics (Mechanical)- year 1.
_vtext book
_xEngineering
_ySemester 2. 2008/2009
700 1 _aBoles, Michael A.
856 4 1 _3Table of contents
_uhttp://www.loc.gov/catdir/toc/ecip0510/2005007417.html
856 4 1 _3Publisher description
_uhttp://www.loc.gov/catdir/enhancements/fy0702/2005007417-d.html
942 _cTB
_k621.4021 CEN
_2ddc
999 _c2376
_d2376